| 000 | 00346cam a22001097a 4500 | ||
|---|---|---|---|
| 008 | 180718b1963 xxu||||| |||| 00| 0 eng d | ||
| 082 | _aB711303x5451 An24 | ||
| 245 |
_aAndhra Pradesh Gram Panchayat bill, 1963 _cby Legislative Assembly |
||
| 260 |
_aHyderabad _bThe author _c1963 |
||
| 300 | _a121+p. | ||
| 700 | _aAndhra Pradesh. Legislative Assembley | ||
| 999 |
_c488536 _d488536 |
||